banner koha

Desempenho de bezerros e bezerras de corte em pastagem de capim elefante (Pennisetum purpureum, Schum.)associado a diferentes níveis de suplementação (Registro n. 182253)

MARC details
000 -LÍDER
campo de controle de tamanho fixo 01126nas a2200361 4500
001 - NÚMERO DE CONTROLE
campo de controle BR0501915
003 - IDENTIFICADOR DO NÚMERO DE CONTROLE
campo de controle BR-BrBNA
005 - DATA E HORÁRIO DA ÚLTIMA TRANSAÇÃO
campo de controle 20231205105311.0
007 - CAMPO FIXO DE DESCRIÇÃO FÍSICA--INFORMAÇÃO GERAL
campo de controle de tamanho fixo ta
008 - CAMPO DE DADOS FIXOS--INFORMAÇÃO GERAL
campo de controle de tamanho fixo 230509b bl.|||p| |||| 00| 00por d
040 ## - FONTE DA CATALOGAÇÃO
Instituição da catalogação original BR-BrBNA
Idioma da catalogação por
Instituição que transcreveu o registro Biblioteca Nacional de Agricultura
041 ## - CÓDIGO DE IDIOMA
Código do idioma do texto/trilha sonora ou título diferente (Pt)
072 ## - CÓDIGO DE CATEGORIA DE ASSUNTO
Código de Categoria de Assunto L02; L52
100 1# - ENTRADA PRINCIPAL--NOME PESSOAL
Nome pessoal Neumann, M.
100 1# - ENTRADA PRINCIPAL--NOME PESSOAL
Nome pessoal Restle, J.
100 1# - ENTRADA PRINCIPAL--NOME PESSOAL
Nome pessoal Alves Filho, D.C.
100 1# - ENTRADA PRINCIPAL--NOME PESSOAL
Nome pessoal Pellegrini, L.G. de
100 1# - ENTRADA PRINCIPAL--NOME PESSOAL
Nome pessoal Souza, A.N.M. de
100 1# - ENTRADA PRINCIPAL--NOME PESSOAL
Nome pessoal Kuss, F.
245 1# - TÍTULO
Título Desempenho de bezerros e bezerras de corte em pastagem de capim elefante (Pennisetum purpureum, Schum.)associado a diferentes níveis de suplementação
650 ## - ASSUNTO--TERMO TÓPICO
Cabeçalho tópico ou nome geográfico GADO CHAROLÊS
650 ## - ASSUNTO--TERMO TÓPICO
Cabeçalho tópico ou nome geográfico GADO NELORE
650 ## - ASSUNTO--TERMO TÓPICO
Cabeçalho tópico ou nome geográfico BEZERRO DE CORTE
650 ## - ASSUNTO--TERMO TÓPICO
Cabeçalho tópico ou nome geográfico CAPIM ELEFANTE
650 ## - ASSUNTO--TERMO TÓPICO
Cabeçalho tópico ou nome geográfico PASTEJO CONTÍNUO
650 ## - ASSUNTO--TERMO TÓPICO
Cabeçalho tópico ou nome geográfico SUPLEMENTO ENERGÉTICO
650 ## - ASSUNTO--TERMO TÓPICO
Cabeçalho tópico ou nome geográfico GANHO DE PESO
650 ## - ASSUNTO--TERMO TÓPICO
Cabeçalho tópico ou nome geográfico PERFORMANCE
650 ## - ASSUNTO--TERMO TÓPICO
Cabeçalho tópico ou nome geográfico RIO GRANDE DO SUL
773 0# - ENTRADA ANALÍTICA
Título Ciência Rural (Brazil)
ISSN - International Standard Serial Number ISSN 0103-8478
Partes relacionadas (Jan-Feb 2005), v. 35(1) p. 157-163
Número de controle do registro BR0501915
909 ## -
-- 202311
-- Lúcia
-- 55
-- Lúcia Elande
942 ## - ELEMENTOS DE ENTRADA ADICIONADOS (KOHA)
Fonte da classificação ou esquema de arquivamento na estante Classificação AGRIS
Ocultar no OPAC Não
Tipo de material Koha Analítica
Exemplares
Situação do descarte Fonte da classificação ou esquema de arquivamento na estante Situação física Não pode ser emprestado Biblioteca de origem Biblioteca atual Localização na estante Enumeração do periódico / cronologia Total de empréstimos Data de último acesso Número do exemplar Tipo de material Koha Fonte de aquisição
  Classificação AGRIS   Consulta local Biblioteca Nacional de Agricultura - Binagri Biblioteca Nacional de Agricultura - Binagri   (Jan-Feb 2005), v. 35(1) p. 157-163   29/11/2023 01 Periódicos Portaria Interministerial nº 164/94

BINAGRI

Telefone: (61)3218-2567/2388/3357/2097 - binagri@agro.gov.br

Ministério da Agricultura e Pecuária , Esplanada dos Ministérios, Bloco D, Anexo B, Brasília/DF, CEP: 70.043-900